The new principal / (Record no. 9707)

MARC details
000 -LEADER
fixed length control field 00903nam a22002777a 4500
001 - CONTROL NUMBER
control field 9707
003 - CONTROL NUMBER IDENTIFIER
control field FISKH
005 - DATE AND TIME OF LATEST TRANSACTION
control field 20260424132922.0
008 - FIXED-LENGTH DATA ELEMENTS--GENERAL INFORMATION
fixed length control field 260130b cb ||||| |||| 00| 0 eng d
020 ## - INTERNATIONAL STANDARD BOOK NUMBER
International Standard Book Number 9780462004846
040 ## - CATALOGING SOURCE
Original cataloging agency FISKH
Language of cataloging eng
Transcribing agency FISKH
Modifying agency FISKH
050 ## - LIBRARY OF CONGRESS CALL NUMBER
Classification number PZ7
100 ## - MAIN ENTRY--PERSONAL NAME
Personal name Ward , Casey
245 ## - TITLE STATEMENT
Title The new principal /
Statement of responsibility, etc. Written by Casey . Photograph by Vinnie Riesck
250 ## - EDITION STATEMENT
Edition statement First published 2008
260 ## - PUBLICATION, DISTRIBUTION, ETC.
Place of publication, distribution, etc. London :
Name of publisher, distributor, etc. Marshall Cavendish ,
Date of publication, distribution, etc. 2008.
300 ## - PHYSICAL DESCRIPTION
Extent 16 pages :
Other physical details color illustrations ;
Dimensions 19 cm .
490 ## - SERIES STATEMENT
Series statement My Pals Are Here ! - Reading Stars
Volume/sequential designation 7b
505 ## - FORMATTED CONTENTS NOTE
Formatted contents note E <br/>
520 ## - SUMMARY, ETC.
Summary, etc. A new female principal has come to work on her first day. She visits many classrooms to see the students.
521 8# - TARGET AUDIENCE NOTE
Target audience note 200 <br/>
Source Lexile estimate <br/>
521 8# - TARGET AUDIENCE NOTE
Target audience note E <br/>
Source Raz-Plus <br/>
700 ## - ADDED ENTRY--PERSONAL NAME
Personal name Riesck , Vinnie
Relator term Illustrator
942 ## - ADDED ENTRY ELEMENTS (KOHA)
Source of classification or shelving scheme Dewey Decimal Classification
Koha item type Books
Suppress in OPAC No
Holdings
Withdrawn status Lost status Source of classification or shelving scheme Damaged status Not for loan Collection Home library Current library Shelving location Date acquired Total Checkouts Full call number Barcode Date last seen Copy number Price effective from Koha item type
    Dewey Decimal Classification     Juvenile Fiction Footprints International School Library Network Toul Tom Poung Campus Footprints International School Library Network Toul Tom Poung Campus TTP Primary Green Bookshelves 01/30/2026   WAR PZ7 FISTK03331 01/30/2026 1 01/30/2026 Books
    Dewey Decimal Classification     Juvenile Fiction Footprints International School Library Network Toul Tom Poung Campus Footprints International School Library Network Toul Tom Poung Campus TTP Primary Green Bookshelves 04/24/2026   WAR PZ7 FISBK06460 04/24/2026 2 04/24/2026 Books